MARC

LEADER 00000nam0a2200000 4500
001 355546
005 20231102010814.0
035 |a (RuTPU)RU\TPU\retro\12806 
090 |a 355546 
100 |a 20200709d1973 km y0rusy50 ca 
101 0 |a rus 
102 |a RU 
105 |a a z 101zy 
200 1 |a XIII Совещание по ядерной спектроскопии и теории ядра, Дубна, 19-23 июня 1973 года  |e тезисы докладов  |f Объединенный институт ядерных исследований ; сост. В. В. Кузнецов 
210 |a Дубна  |c Изд-во Объединенного института ядерных исследований  |d 1973 
215 |a 192 с.  |c ил. 
320 |a Библиогр. в конце докл. 
606 1 |a Спектроскопия ядерная  |2 stltpush  |3 (RuTPU)RU\TPU\subj\55817  |9 73775 
606 1 |a Атомное ядро  |x Физика  |2 stltpush  |3 (RuTPU)RU\TPU\subj\29706  |9 52982 
610 1 |a совещания 
610 1 |a ядра 
610 1 |a свойства 
610 1 |a теория 
610 1 |a экспериментальные исследования 
610 1 |a методические работы 
610 1 |a тезисы 
610 1 |a ядерные реакции 
610 1 |a распад 
610 1 |a возбужденные состояния 
610 1 |a гамма-излучения 
610 1 |a бета-спектрометры 
610 1 |a доплеровские измерения 
610 1 |a гамма-кванты 
675 |a 539.143.43(063)  |v 4 
675 |a 539.14(063)  |v 4 
702 1 |a Кузнецов  |b В. В.  |4 220 
712 0 2 |a Объединенный институт ядерных исследований  |c (Дубна)  |2 stltpush  |3 (RuTPU)RU\TPU\col\243  |9 23297 
712 1 2 |a Совещание по ядерной спектроскопии и теории ядра  |d 13  |e Дубна  |f 1973  |4 570 
801 1 |a RU  |b 63413507  |c 20200709 
801 2 |a RU  |b 63413507  |c 20210216  |g RCR 
942 |c BK